000 00434nam a2200181Ia 4500
001 24530
005 20260414151049.0
008 260414t2011||||xx |||||||||||||| ||spa||
041 _aESP
082 _a345.72
_bD59 V. 4
100 _aMoreno Cora, Silvestre
_eAUT
245 0 _aTratado de las pruebas civiles y penales
_b
260 _c2011
300 _a
_c28 cm.
650 _aDER
654 _aCDE
942 _cLIB
_dJUS
_fJUS
_2ddc
_n
999 _c24530
_d24530